<?xml version="1.0" encoding="UTF-8"?><?xml-stylesheet type="text/xsl" href="static/style.xsl"?><OAI-PMH xmlns="http://www.openarchives.org/OAI/2.0/" xmlns:xsi="http://www.w3.org/2001/XMLSchema-instance" xsi:schemaLocation="http://www.openarchives.org/OAI/2.0/ http://www.openarchives.org/OAI/2.0/OAI-PMH.xsd"><responseDate>2026-06-03T23:22:10Z</responseDate><request verb="GetRecord" identifier="oai:riuma.uma.es:10630/6452" metadataPrefix="marc">https://riuma.uma.es/rest/oai/request</request><GetRecord><record><header><identifier>oai:riuma.uma.es:10630/6452</identifier><datestamp>2026-02-03T12:52:54Z</datestamp><setSpec>com_10630_5701</setSpec><setSpec>com_10630_3139</setSpec><setSpec>com_10630_10</setSpec><setSpec>col_10630_6433</setSpec></header><metadata><record xmlns="http://www.loc.gov/MARC21/slim" xmlns:dcterms="http://purl.org/dc/terms/" xmlns:doc="http://www.lyncode.com/xoai" xmlns:xsi="http://www.w3.org/2001/XMLSchema-instance" xsi:schemaLocation="http://www.loc.gov/MARC21/slim http://www.loc.gov/standards/marcxml/schema/MARC21slim.xsd">
   <leader>00925njm 22002777a 4500</leader>
   <datafield ind2=" " ind1=" " tag="042">
      <subfield code="a">dc</subfield>
   </datafield>
   <datafield ind2=" " ind1=" " tag="720">
      <subfield code="a">Hernández Navarro, Francisco Javier</subfield>
      <subfield code="e">author</subfield>
   </datafield>
   <datafield ind2=" " ind1=" " tag="720">
      <subfield code="a">Campese Gallego, Fernando Javier</subfield>
      <subfield code="e">author</subfield>
   </datafield>
   <datafield ind2=" " ind1=" " tag="720">
      <subfield code="a">Ybáñez-Worboys, María del Pilar</subfield>
      <subfield code="e">author</subfield>
   </datafield>
   <datafield ind2=" " ind1=" " tag="260">
      <subfield code="c">2010</subfield>
   </datafield>
   <datafield ind2=" " ind1=" " tag="520">
      <subfield code="a">Este trabajo pretende acercarse en un nuevo contexto, el de la transición del Antiguo Régimen al sistema liberal, a una realidad poco conocida en España, la de la administración señorial y, en particular la de los corregidores señoriales. Para ello, elaboramos un estudio prosopográfico de los corregidores de una importante villa señorial, Conil de la Frontera, de los estados del Duque de Medina Sidonia, entre 1779 y 1810, fecha de la primera ruptura de la continuidad señorial en esta población.</subfield>
   </datafield>
   <datafield ind2=" " ind1=" " tag="520">
      <subfield code="a">This paper intends an approach to a scarcely known Ancien Regime feature in Spain: lordship administration, and especially lordship corregidores, in an altogether new context, that of transition to the constitutional government. To that purpose, we show a propographical study of the corregidores of an important town under lordship administration: Conil de la Frontera, in the Estate of the Duke of Medina Sidonia, between 1779 and 1810, up to the interruption of seigneurial regime in this village due to French occupation.</subfield>
   </datafield>
   <datafield ind1="8" ind2=" " tag="024">
      <subfield code="a">HERNÁNDEZ NAVARRO, FRANCISCO JAVIER; CAMPESE GALLEGO, FERNANDO JAVIER; YBÁÑEZ WORBOYS, PILAR "Prosopografía de una élite de gobierno municipal : los corregidores señoriales del ducado de Medina Sidonia en Conil de la Frontera (1779-1810)" Baética 32, 2010, 297-311</subfield>
   </datafield>
   <datafield ind1="8" ind2=" " tag="024">
      <subfield code="a">0212-5099</subfield>
   </datafield>
   <datafield ind1="8" ind2=" " tag="024">
      <subfield code="a">http://hdl.handle.net/10630/6452</subfield>
   </datafield>
   <datafield tag="653" ind2=" " ind1=" ">
      <subfield code="a">Corregidores - Conil de la Frontera (Cádiz) - S. XVIII-XIX</subfield>
   </datafield>
   <datafield ind2="0" ind1="0" tag="245">
      <subfield code="a">Prosopografía de una élite de gobierno municipal : los corregidores señoriales del ducado de Medina Sidonia en Conil de la Frontera (1779-1810)</subfield>
   </datafield>
</record>
</metadata></record></GetRecord></OAI-PMH>